000 00704nam a2200217 i 4500
001 132355
003 ES-MaACL
005 20250818131147.0
007 t|
008 070214s1972 sp bf r ||||1| spa d
100 1 _aRomero Pérez, Luis,
_d1916-2009
_999338
245 1 0 _aTres días de julio
_b: (18, 19 y 20 de 1936) /
_cLuis Romero.
260 _aMadrid :
_bCírculo de Amigos de la Historia,
_c1972.
300 _a2 v. :
_b27 lám. ;
_c18 cm.
500 _aFalta v. III.
505 1 _aI. 18 julio (324 p.) - II. 19 julio (336 p.)
651 4 _aEspaña-
_xHistoria-
_y1936-1939, Guerra civil.
_98292
700 2 _a
_9241900
852 _aES-MaACL
_jP-1890
999 _c132355
_d132355